Devine le personnage de jujutsu kaisen avec un seul mot. - Statistiques

Statistiques générales
  • Ce quiz a été pris 281 fois
  • Le résultat moyen est 13 sur 20
Statistiques - réponses
Indice Réponse % Correct
Doigt Ryomen Sukuna
98%
Bandeau Satoru Gojo
98%
Ombre Megumi
89%
Cravate Kento Nanami
81%
Volcan Jogo
79%
Clap Aoi Todo
72%
Sang Choso
69%
Ame Mahito
67%
Rose Yuji Itadori
65%
Rika Yuta Okkotsu
65%
Robot Mechamaru
63%
Nature Hanami
62%
Jackpot Hakari
60%
Clou Nobara kugisaki
58%
Juge Higuruma
54%
Lunette Maki
53%
Mysogine Naoya
51%
Foudre Kashimo
45%
Demi-Costume Takaba
35%
Millenaire Tengen
34%
Aucun quiz correspondant
Distribution des résultats
% des personnes avec chaque résultat
Percentile par nombre de réponses
Votre historique - résultats
Vous n’avez pas pris ce quiz